| 000 | 00550cam a2200229 4500 | ||
|---|---|---|---|
| 001 | D9659 | ||
| 008 | 090401t1978 xxu||||| |||| 00| 0 eng d | ||
| 035 | _a(Sirsi) u21508 | ||
| 041 | _aeng | ||
| 050 | _a631.1 | ||
| 100 | _aWalmsley, R Charles | ||
| 245 | _aWalmsley`s rural, estate management | ||
| 250 | _a6th | ||
| 260 |
_aLondon _bEstates Gazette _c1978 |
||
| 300 | _axxvi. 589p. 22cm | ||
| 350 | _a20 | ||
| 520 | _aSeabrooke,W (ed) | ||
| 700 | _aMiles, C.W.N (ed) | ||
| 700 | _aLong, H.A.R (ed) | ||
| 942 | _n0 | ||
| 948 | _c04/03/1997 | ||
| 999 |
_c87994 _d87994 |
||